| 000 | 00879nas a2200289 4500 | ||
|---|---|---|---|
| 001 | BR2010002267 | ||
| 003 | BR-BrBNA | ||
| 005 | 20231205114230.0 | ||
| 007 | ta | ||
| 008 | 230509b bl.|||p| |||| 00| 00por d | ||
| 040 |
_aBR-BrBNA _bpor _cBiblioteca Nacional de Agricultura |
||
| 041 | _a(Pt) | ||
| 072 | _aP06 | ||
| 100 | 1 | _aMartin, S. | |
| 100 | 1 | _aSilva, J.N. da | |
| 100 | 1 | _aOliveira Filho, D. | |
| 100 | 1 | _aDonzeles, S.M.L. | |
| 100 | 1 | _aZanatta, F.L. | |
| 100 | 1 | _aSantos, R.R. dos | |
| 245 | 1 | _aTensão térmica e taxa de reação em um reator para gaseificação de biomassa do tipo concorrente | |
| 650 | _aGASEIFICADOR | ||
| 650 | _aGASEIFICAÇÃO | ||
| 650 | _aCOMBUSTÃO | ||
| 773 | 0 |
_tRevista Ceres (Brazil) _xISSN 0034-737X _g(Mar-Apr 2010), v. 57(2) p. 168-174 _wBR2010002267 |
|
| 909 |
_a202311 _bLúcia _c55 _dLúcia Elande |
||
| 942 |
_2AGRIS _n0 _cANA |
||
| 999 |
_c207729 _d207729 |
||